Smernica o registratúrnom poriadku

Bibliographic Details
Main Author: Sýkora, Jozef (Author)
Format: Article
Language:Slovak
ISSN:2453-6814
Subjects:

MARC

LEADER 00000nab a2200000 4500
001 vtls012003965
003 SK-MaSNL
005 20260303100553.0
008 201119|2020 xo |||| ||an ||00 0|slo
015 |a SNBRB2020/11 
040 |a SPKCL  |b slo  |e rda 
041 |a slo 
044 |a xo  |c SK 
072 7 |a 37.09  |x Organizácia výučby a vzdelávanie  |2 konspekt 
080 |a 37.091  |x (094.58)  |2 2011 
100 1 |a Sýkora, Jozef  |4 aut  |9 273870 
245 1 0 |a Smernica o registratúrnom poriadku 
336 |a text  |b txt  |2 rdacontent 
337 |a bez média  |b n  |2 rdamedia 
338 |a zväzok  |b nc  |2 rdacarrier 
546 |a Slovenské resumé 
650 0 7 |a registratúrny poriadok  |2 SNKPH  |9 1111408 
650 0 7 |a školstvo  |2 SNKPH  |9 19712 
650 0 7 |a smernice  |2 SNKPH  |9 273652 
773 0 |t Zriaďovateľ : právny kuriér pre zriaďovateľov škôl a školských zariadení  |g Roč. 6, č. 11-12 (2020), s. 7-13  |x 2453-6814 
787 0 8 |i Rec.: 
999 |c 1833639  |d 1835569